The seventh secret / (Record no. 10885)
[ view plain ]
| 000 -LEADER | |
|---|---|
| fixed length control field | 00813cam a2200277 a 4500 |
| 001 - CONTROL NUMBER | |
| control field | 4751064 |
| 003 - CONTROL NUMBER IDENTIFIER | |
| control field | LC |
| 005 - DATE AND TIME OF LATEST TRANSACTION | |
| control field | 20160315144458.0 |
| 008 - FIXED-LENGTH DATA ELEMENTS--GENERAL INFORMATION | |
| fixed length control field | 850712s1986 nyu 000 1 eng |
| 010 ## - LIBRARY OF CONGRESS CONTROL NUMBER | |
| LC control number | 85016022 |
| 020 ## - INTERNATIONAL STANDARD BOOK NUMBER | |
| International Standard Book Number | 071162004953 |
| 040 ## - CATALOGING SOURCE | |
| Original cataloging agency | DLC |
| Transcribing agency | DLC |
| Modifying agency | DLC |
| 050 00 - LIBRARY OF CONGRESS CALL NUMBER | |
| Classification number | PS 3573 .A426 |
| Item number | .W187 1986 |
| 082 00 - DEWEY DECIMAL CLASSIFICATION NUMBER | |
| Classification number | FIC |
| Item number | W15s 1986 |
| 100 1# - MAIN ENTRY--PERSONAL NAME | |
| Personal name | Wallace, Irving, |
| Dates associated with a name | 1916-1990. |
| 9 (RLIN) | 18052 |
| 245 14 - TITLE STATEMENT | |
| Title | The seventh secret / |
| Statement of responsibility, etc | Irving Wallace. |
| 250 ## - EDITION STATEMENT | |
| Edition statement | 1st ed. |
| 260 ## - PUBLICATION, DISTRIBUTION, ETC. (IMPRINT) | |
| Place of publication, distribution, etc | New York : |
| Name of publisher, distributor, etc | Dutton, |
| Date of publication, distribution, etc | c1986. |
| 300 ## - PHYSICAL DESCRIPTION | |
| Extent | 370 p. : |
| Dimensions | 18 cm. |
| 600 10 - SUBJECT ADDED ENTRY--PERSONAL NAME | |
| Personal name | Hitler, Adolf, |
| Dates associated with a name | 1889-1945 |
| General subdivision | Fiction. |
| 9 (RLIN) | 18053 |
| 650 #0 - SUBJECT ADDED ENTRY--TOPICAL TERM | |
| Topical term or geographic name as entry element | Heads of state |
| Geographic subdivision | Germany |
| General subdivision | Fiction. |
| 9 (RLIN) | 18054 |
| 655 #7 - INDEX TERM--GENRE/FORM | |
| Genre/form data or focus term | Biographical fiction. |
| Source of term | gsafd |
| 9 (RLIN) | 12822 |
| 906 ## - LOCAL DATA ELEMENT F, LDF (RLIN) | |
| a | 7 |
| b | cbc |
| c | orignew |
| d | 1 |
| e | ocip |
| f | 19 |
| g | y-gencatlg |
| 942 ## - ADDED ENTRY ELEMENTS (KOHA) | |
| Source of classification or shelving scheme | Library of Congress Classification |
| Koha item type | Books |
| Withdrawn status | Lost status | Source of classification or shelving scheme | Damaged status | Home library | Current library | Shelving location | Date acquired | Source of acquisition | Total Checkouts | Full call number | Barcode | Date last seen | Copy number | Price effective from | Koha item type |
|---|---|---|---|---|---|---|---|---|---|---|---|---|---|---|---|
| Library of Congress Classification | Luxembourg Library | Luxembourg Library | Fiction Section | 09/11/2013 | Donation | PS 3573 .A426 .W187 1986 | 11725 | 08/12/2014 | 1 | 09/11/2013 | Books |